|
|
|
|
| LEADER |
00000nab a2200000 a 4500 |
| 001 |
vtls000998999 |
| 003 |
SK-MaSNL |
| 005 |
20260318124639.0 |
| 008 |
040720e18870000xo 0 hun |
| 035 |
|
|
|a RVH1601
|
| 040 |
|
|
|a RVGKPD
|b slo
|c RVGKPD
|e AACR2
|
| 041 |
0 |
|
|a slo
|
| 044 |
|
|
|a xo
|c SK
|
| 080 |
|
|
|a 929 František Jozef I.
|2 1981
|
| 100 |
0 |
|
|a F. S.
|4 aut
|9 324410
|
| 245 |
1 |
0 |
|a A király Tőke-Terebesen
|
| 590 |
|
|
|a František Jozef I., 1830-1916
|b Uhorský kráľ, rakúsky cisár
|
| 600 |
1 |
7 |
|a František Jozef
|b I.,
|c rakúsky cisár,
|d 1830-1916
|2 RVGKPD
|9 239878
|
| 650 |
0 |
7 |
|a návštevy
|2 RVGKPD
|9 726269
|
| 651 |
|
7 |
|a Trebišov (Slovensko)
|2 RVGKPD
|9 26686
|
| 655 |
|
7 |
|a periodikum
|2 snkbucl
|9 29553
|
| 773 |
0 |
8 |
|t Rozsnyói Hiradó
|g Roč. 10, č.38, 18.09.1887, s. 2
|
| 852 |
|
|
|a ZVYKNI
|b KIS3GCP
|
| 999 |
|
|
|c 2234530
|d 2236460
|